Đơn phương chấm dứt hợp đồng lao động trái pháp luật - lý luận và thực tiễn : Luận văn Thạc sỹ Luật học. Chuyên ngành Luật kinh tế

Làm sáng tỏ bản chất pháp lý của hành vi đơn phương chấm dứt hợp đồng lao động trái pháp luật. Tìm ra những vướng mắc, bất cập và đề xuất kiến nghị nhằm hoàn thiện pháp luật về đơn phương chấm dứt hợp đồng lao động trái pháp lua...

תיאור מלא

שמור ב:
מידע ביבליוגרפי
מחבר ראשי: Trần, Quốc Khánh
פורמט: ספר
שפה:Undetermined
יצא לאור: Cần Thơ Trường Đại học Cần Thơ 2017
נושאים:
תגים: הוספת תג
אין תגיות, היה/י הראשונ/ה לתייג את הרשומה!
Thư viện lưu trữ: Trung tâm Học liệu Trường Đại học Cần Thơ
LEADER 01616nam a2200241Ia 4500
001 CTU_221483
008 210402s9999 xx 000 0 und d
082 |a 344.59701 
082 |b Kh107 
088 |a 60380107 
100 |a Trần, Quốc Khánh 
245 0 |a Đơn phương chấm dứt hợp đồng lao động trái pháp luật - lý luận và thực tiễn : 
245 0 |b Luận văn Thạc sỹ Luật học. Chuyên ngành Luật kinh tế 
245 0 |c Trần Quốc Khánh ; Đoàn Thị Phương Diệp (Cán bộ hướng dẫn) 
260 |a Cần Thơ 
260 |b Trường Đại học Cần Thơ 
260 |c 2017 
520 |a Làm sáng tỏ bản chất pháp lý của hành vi đơn phương chấm dứt hợp đồng lao động trái pháp luật. Tìm ra những vướng mắc, bất cập và đề xuất kiến nghị nhằm hoàn thiện pháp luật về đơn phương chấm dứt hợp đồng lao động trái pháp luật, tạo điều kiện thuận lợi cho việc áp dụng pháp luật trên thực tế, giải quyết tốt những tranh chấp đơn phương chấm dứt hợp đồng lao động trái pháp luật trong thời gian tới. 
650 |a Luật và pháp luật về lao động,Labor laws and legislation 
650 |x Vietnam 
650 |z Việt Nam 
904 |i My,Hải 
980 |a Trung tâm Học liệu Trường Đại học Cần Thơ